| 000 | 00596nam a2200229Ia 4500 | ||
|---|---|---|---|
| 003 | OSt | ||
| 005 | 20250809093420.0 | ||
| 008 | 210210b2009 xxu||||| |||| 00| 0 eng d | ||
| 020 | _a9780240810799 | ||
| 040 | _cAL | ||
| 041 | _aeng | ||
| 082 | _a006.696 HESA | ||
| 100 |
_aHess D Roland _9234798 |
||
| 245 | _aAnimating with blender | ||
| 260 |
_aAmsterdam _bElseveir _c2009 |
||
| 300 | _axii,352p | ||
| 650 |
_aAnimating _9234799 |
||
| 650 |
_ahow to create short animations from start to finish _9234801 |
||
| 690 |
_aComputer Animation _9234800 |
||
| 906 | _a067733 | ||
| 942 |
_2ddc _cBK |
||
| 999 |
_c150847 _d150847 |
||